000 00298nam a2200121Ia 4500
008 190216s9999||||xx |||||||||||||| ||und||
100 _aGupta S.P
245 0 _aManagement Concepts And Environment
260 _bNew Central Book Agencies
_c1978
300 _a176p
650 _aCommerce
942 _cBK
999 _c4277
_d4277